All 5-Letter Words Starting with “I” - Statistics

General Stats
  • This quiz has been taken 466 times
    351 since last reset
  • The average score is 30 of 125
Answer Stats
Word % Correct
inter
77%
ideas
74%
inner
72%
inked
70%
igloo
67%
infer
67%
itchy
67%
ideal
64%
irate
64%
idiot
63%
inker
63%
irons
60%
isles
57%
iller
56%
imply
56%
idles
55%
idols
54%
idiom
53%
inlet
52%
ivory
52%
icons
51%
ingot
51%
intro
51%
inset
49%
irony
49%
items
49%
image
48%
incur
48%
icing
46%
indie
46%
inlay
46%
issue
46%
index
44%
icier
43%
infos
41%
input
41%
irked
40%
idled
39%
idler
39%
impel
39%
islet
38%
ionic
37%
inert
36%
iotas
35%
inept
34%
imbue
33%
imped
32%
inane
30%
iambs
28%
ivies
28%
isled
27%
imams
25%
idyll
23%
imbed
22%
icker
20%
ingle
20%
inure
20%
iliad
19%
imago
17%
inbox
17%
inned
17%
ichor
15%
icily
15%
ilium
15%
indue
14%
iglus
13%
ident
12%
ikons
12%
inapt
12%
ivied
12%
iliac
11%
ileum
10%
infra
10%
inkle
10%
iambi
7%
impis
7%
impro
7%
incus
7%
indow
7%
infix
7%
istle
7%
indol
6%
intis
6%
iodin
6%
iring
6%
irone
6%
ither
6%
ixias
6%
izars
6%
idyls
5%
irids
5%
ileus
4%
indri
4%
iodic
4%
irade
4%
imide
3%
imine
3%
izard
3%
ictus
2%
ihram
2%
ikats
2%
ileal
2%
ilial
2%
imids
2%
imino
2%
inrun
2%
invar
2%
iodid
2%
issei
2%
ixnay
2%
ictic
1%
igged
1%
ileac
1%
imaum
1%
imido
1%
inarm
1%
inbye
1%
incog
1%
inion
1%
inurn
1%
iroko
1%
isbas
1%
ixora
1%
ixtle
1%
immix
0%
No matching quizzes found
Score Distribution
Percent of People with Each Score
Percentile by Number Answered
Your Score History
You have not taken this quiz since the last reset